| 000 | 01044nam a2200289 c 4500 | ||
|---|---|---|---|
| 001 | 190537 | ||
| 003 | ES-MaACL | ||
| 005 | 20250828032710.0 | ||
| 008 | 210820s2016 sp 001 0 spa | ||
| 020 | _a978-84-277-2201-9 | ||
| 080 | _a37.015.3 | ||
| 080 | _a37.017 | ||
| 100 | 1 |
_aClaxton, Guy. _9173369 |
|
| 245 | 1 | 0 |
_aPara educar a Ruby : _bconfianza, curiosidad, colaboración, comunicación, creatividad, compromiso, capacidad técnica / _cGuy Claxton, Bill Lucas ; [traducción, Sara Alcina Zayas]. |
| 260 |
_aMadrid : _bNarcea, _c2016] |
||
| 300 |
_a197 p. ; _c22 cm. |
||
| 490 | 1 |
_aEducadores XXI ; _v17 |
|
| 504 | _aBibliografía: p. [196]-197. | ||
| 650 | 4 |
_aAprendizaje. _99924 |
|
| 650 | 4 |
_aEducación- _xFines y objetivos _912081 |
|
| 700 | 1 |
_aLucas, Bill ( _d1956-) _9173370 |
|
| 700 | 1 |
_aAlcina Zayas, Sara, _d1982- _9173371 |
|
| 830 | 1 |
_aEducadores XXI ; _v17 _9225897 |
|
| 852 | 4 |
_aES-MaACL _jA-14744 _9197715 _bR.151747 _cDEPO1 _dOlim: N-7744 _hDonación: Editorial |
|
| 942 | _2udc | ||
| 999 |
_c190537 _d190537 |
||